000 00382nam a2200145Ia 4500
008 230917s9999||||xx |||||||||||||| ||und||
040 _e96024
_aMAIN
041 _aEnglish
082 _a346.043 N169P
100 _aNarula, D P
245 0 _aPunjab and Haryana land laws and land reforms act
260 _aFaridabad
_bAllahabad Law Agency
_c1999
300 _a307 p.
942 _cBK
999 _c105500
_d105500